|
|
|
|
| LEADER |
00692nam a22002052a 4500 |
| 001 |
000341986 |
| 003 |
CZ BrMZK |
| 005 |
19980103143423.0 |
| 008 |
980103s1989 ru f rus d |
| 040 |
|
|
|a BOA001
|b cze
|
| 080 |
|
|
|a 330.4:519.7
|2 MRF
|
| 080 |
|
|
|a 519.7:330.4
|2 MRF
|
| 100 |
1 |
|
|a Bagrinovskij, Kirill Andrejevič,
|d 1931-
|7 ola2004235573
|
| 245 |
1 |
0 |
|a Intellektnaja sistema v otraslevom planirovanii /
|c K.A. Bagrinovskij, V.V. Logvinec.
|
| 260 |
|
|
|a Moskva :
|b Nauka,
|c 1989
|
| 300 |
|
|
|a 136 s.
|
| 700 |
1 |
|
|a Logvinec, Vladimir Vasil'jevič
|
| 910 |
|
|
|a BOA001
|b TK-0242.783
|
| 990 |
|
|
|a BK
|
| 996 |
7 |
|
|b 2629975234
|c TK-0242.783
|l MZK
|r Sklad / do 24 hodin
|n 0
|w 000341986
|u 000010
|a 1
|e BOA001
|j MZK50
|s A
|